[Event "Saint Louis Blitz 2022"]
[Site "Saint Louis USA"]
[Date "2022.08.29"]
[Round "7.2"]
[White "Shankland, Sam"]
[Black "Caruana, Fabiano"]
[Result "0-1"]
[WhiteTitle "GM"]
[BlackTitle "GM"]
[WhiteElo "2720"]
[BlackElo "2776"]
[WhiteFideId "2004887"]
[BlackFideId "2020009"]
[EventDate "2022.08.29"]

1. e4 c5 2. Nf3 Nc6 3. d4 cxd4 4. Nxd4 Nf6 5. Nc3 e5 6. Ndb5 d6 7. Bg5 a6 8. Na3
b5 9. Bxf6 gxf6 10. Nd5 f5 11. g3 fxe4 12. Bg2 Bg7 13. Bxe4 O-O 14. Ne3 Bd7 15.
Qh5 h6 16. Rd1 Qf6 17. O-O Rad8 18. Rd2 Ne7 19. Rfd1 Bc8 20. c4 Qe6 21. c5 d5
22. Nxd5 Nc6 23. Nc2 Nd4 24. Nxd4 exd4 25. Bf3 Bb7 26. Nf4 Bxf3 27. Qxf3 Qxa2
28. b3 Qa3 29. Rc2 Rc8 30. Rdc1 Rfe8 31. Nh5 Bh8 32. Kg2 a5 33. Qg4+ Kf8 34. Qf3
a4 35. bxa4 Qxf3+ 36. Kxf3 bxa4 37. Nf4 Rb8 38. Ra2 Rb3+ 39. Kg2 a3 40. Rd1 Rc3
41. Rd3 Ra8 42. Rf3 Ke8 43. Nd3 Ra7 44. g4 Bg7 45. h4 Bf8 46. h5 Be7 47. Kg3 Kf8
48. Kg2 Kg7 49. Kg3 Bg5 50. Kg2 Be7 51. Kg3 Rb7 52. Kg2 Rbb3 53. Re2 Bf8 54. Ne5
Rxf3 55. Nxf3 Bxc5 56. Rc2 Bb6 57. Rc4 d3 58. Ra4 Bc5 59. Ra5 Bb4 60. Ra4 d2 0-1

[Event "Saint Louis Blitz 2022"]
[Site "Saint Louis USA"]
[Date "2022.08.29"]
[Round "7.3"]
[White "Vachier-Lagrave, Maxime"]
[Black "Aronian, Levon"]
[Result "1-0"]
[WhiteTitle "GM"]
[BlackTitle "GM"]
[WhiteElo "2757"]
[BlackElo "2775"]
[WhiteFideId "623539"]
[BlackFideId "13300474"]
[EventDate "2022.08.29"]

1. e4 e5 2. Nf3 Nc6 3. Bb5 Nf6 4. O-O Nxe4 5. Re1 Nd6 6. Nxe5 Be7 7. Bf1 Nxe5 8.
Rxe5 O-O 9. Nc3 Bf6 10. Re1 Re8 11. Nd5 Rxe1 12. Qxe1 b6 13. d3 Bb7 14. Nxf6+
Qxf6 15. Qb4 c5 16. Qg4 Nf5 17. c3 Bc6 18. Bd2 Re8 19. a4 d5 20. a5 d4 21. axb6
axb6 22. c4 g6 23. b4 Ra8 24. Re1 Qd6 25. b5 Bb7 26. Qf4 Qd8 27. g3 Ng7 28. Bh3
f5 29. Qe5 Bf3 30. Bg2 Bxg2 31. Kxg2 Qd7 32. Bh6 Qb7+ 33. Kg1 Rf8 34. Qd6 Re8 1-0

[Event "Saint Louis Blitz 2022"]
[Site "Saint Louis USA"]
[Date "2022.08.29"]
[Round "7.5"]
[White "Nepomniachtchi, Ian"]
[Black "Xiong, Jeffery"]
[Result "1-0"]
[WhiteTitle "GM"]
[BlackTitle "GM"]
[WhiteElo "2792"]
[BlackElo "2690"]
[WhiteFideId "4168119"]
[BlackFideId "2047640"]
[EventDate "2022.08.29"]

1. c4 c5 2. g3 g6 3. Bg2 Bg7 4. Nf3 Nc6 5. Nc3 d6 6. O-O e6 7. e3 Nge7 8. d4 O-O
9. b3 Nf5 10. Ne2 cxd4 11. exd4 e5 12. Bb2 e4 13. Ne1 d5 14. cxd5 Qxd5 15. Nc2
Re8 16. Nc3 Qd8 17. d5 Qa5 18. Qe1 Ncd4 19. Nxe4 Qxe1 20. Raxe1 Nxc2 21. Nf6+
Bxf6 22. Rxe8+ Kg7 23. Bxf6+ Kxf6 24. Rc1 Nd6 25. Rd8 Ke7 26. Rh8 Nd4 27. Rc7+
Kf6 28. a4 b5 29. Rd8 bxa4 30. bxa4 Rb8 31. h4 Rb6 32. a5 Ra6 33. Bf1 Rxa5 34.
Rxd6+ Ke5 35. Rd8 Bg4 36. Re7+ Kf6 37. Re4 Ra4 38. Rde8 Bf5 39. Rf4 1-0

[Event "Saint Louis Blitz 2022"]
[Site "Saint Louis USA"]
[Date "2022.08.29"]
[Round "8.1"]
[White "Shankland, Sam"]
[Black "Mamedyarov, Shakhriyar"]
[Result "0-1"]
[WhiteTitle "GM"]
[BlackTitle "GM"]
[WhiteElo "2720"]
[BlackElo "2758"]
[WhiteFideId "2004887"]
[BlackFideId "13401319"]
[EventDate "2022.08.29"]

1. e4 e5 2. Nf3 Nc6 3. d4 exd4 4. Nxd4 Nf6 5. Nxc6 bxc6 6. Bd3 d5 7. exd5 cxd5
8. O-O Be7 9. c4 O-O 10. Nc3 Bb7 11. Qf3 Rb8 12. Nxd5 Bxd5 13. cxd5 Qxd5 14. Be2
Bd6 15. Qxd5 Nxd5 16. Bf3 Nb4 17. a3 Nc2 18. Ra2 Nd4 19. Bd1 Nb3 20. Be3 a5 21.
a4 Rb4 22. Bxb3 Rxb3 23. Bd2 Bb4 24. Bxb4 Rxb4 25. Rc1 Rd8 26. g3 g6 27. Rxc7
Rd2 28. Ra7 Rb6 29. Ra1 Rbxb2 30. Rf1 Rd5 31. Re1 Rf5 32. f4 Rd5 33. g4 Rc5 34.
g5 Ra2 35. h4 Kg7 36. Ra8 h5 37. Rd1 Rb2 38. Re1 Rbc2 39. Rd1 Ra2 40. Re1 Rxa4
41. Ree8 Ra1+ 42. Kf2 Rc2+ 43. Kf3 Ra3+ 44. Ke4 Re2+ 45. Kd4 Ra4+ 0-1

[Event "Saint Louis Blitz 2022"]
[Site "Saint Louis USA"]
[Date "2022.08.29"]
[Round "8.3"]
[White "Caruana, Fabiano"]
[Black "Xiong, Jeffery"]
[Result "0-1"]
[WhiteTitle "GM"]
[BlackTitle "GM"]
[WhiteElo "2776"]
[BlackElo "2690"]
[WhiteFideId "2020009"]
[BlackFideId "2047640"]
[EventDate "2022.08.29"]

1. d4 d5 2. Bf4 Bf5 3. e3 e6 4. Nf3 Nf6 5. Bd3 Bxd3 6. cxd3 Bd6 7. Ne5 O-O 8.
O-O Nbd7 9. Nc3 a6 10. e4 Nb6 11. Qf3 c5 12. dxc5 Bxc5 13. a4 Rc8 14. a5 Nbd7
15. Nxd7 Qxd7 16. Be5 Be7 17. Qg3 Nh5 18. Qf3 Nf6 19. Rfd1 Rfd8 20. h3 dxe4 21.
dxe4 Qc6 22. Bd4 h6 23. Qg3 Nh5 24. Qg4 Nf6 25. Qf3 Qc4 26. Bb6 Rxd1+ 27. Rxd1
Bb4 28. Rd4 Qb3 29. e5 Bxc3 30. exf6 Qxb2 31. Qxb7 Qc1+ 32. Kh2 Bxd4 33. Bxd4
Qc7+ 34. Qxc7 Rxc7 35. fxg7 Rc4 36. Bb6 Kxg7 37. g4 h5 38. Kg3 Kg6 39. f3 e5 40.
Bd8 Rc3 41. Kg2 f5 42. gxf5+ Kxf5 43. h4 Ra3 44. Kf2 Ke6 45. Ke2 Kf5 46. Kf2 e4
47. fxe4+ Kxe4 48. Kg2 Kf4 49. Kf2 Ra2+ 50. Ke1 Kf3 51. Kd1 Ra4 52. Kc2 Ra3 53.
Kb2 Rd3 54. Bf6 Kg4 55. Kc2 Rd5 0-1

[Event "Saint Louis Blitz 2022"]
[Site "Saint Louis USA"]
[Date "2022.08.29"]
[Round "8.5"]
[White "Aronian, Levon"]
[Black "Dominguez Perez, Leinier"]
[Result "1-0"]
[WhiteTitle "GM"]
[BlackTitle "GM"]
[WhiteElo "2775"]
[BlackElo "2754"]
[WhiteFideId "13300474"]
[BlackFideId "3503240"]
[EventDate "2022.08.29"]

1. c4 c5 2. Nc3 g6 3. g3 Bg7 4. Bg2 Nc6 5. d3 e6 6. h4 h6 7. h5 g5 8. f4 g4 9.
Bxc6 bxc6 10. e4 f5 11. e5 d6 12. exd6 Qxd6 13. Be3 Nf6 14. Nge2 O-O 15. Qd2 Rb8
16. Na4 Nd7 17. Rd1 Bd4 18. b3 e5 19. Kf1 Re8 20. Re1 Rb7 21. Bf2 Bxf2 22. Kxf2
Nf6 23. Nec3 Rbe7 24. fxe5 Qd4+ 25. Kg2 Rxe5 26. Rxe5 Rxe5 27. Qxh6 Re3 28. Qg5+
Kf8 29. h6 Qe5 30. Qf4 Qxf4 31. gxf4 Kg8 32. Nxc5 Be6 33. Nd1 Re2+ 34. Kf1 Rd2
35. Ke1 1-0

[Event "Saint Louis Blitz 2022"]
[Site "Saint Louis USA"]
[Date "2022.08.29"]
[Round "9.2"]
[White "Nepomniachtchi, Ian"]
[Black "Aronian, Levon"]
[Result "0-1"]
[WhiteTitle "GM"]
[BlackTitle "GM"]
[WhiteElo "2792"]
[BlackElo "2775"]
[WhiteFideId "4168119"]
[BlackFideId "13300474"]
[EventDate "2022.08.29"]

1. c4 Nf6 2. Nc3 e5 3. Nf3 e4 4. Ng5 c6 5. Ngxe4 Nxe4 6. Nxe4 d5 7. cxd5 cxd5 8.
Ng3 h5 9. e3 h4 10. Ne2 Nc6 11. d4 Qf6 12. Nc3 Qg6 13. a3 Bf5 14. Qf3 O-O-O 15.
Be2 Kb8 16. Bd2 Bd6 17. Rc1 a6 18. b4 Ne7 19. b5 a5 20. b6 Rc8 21. O-O Qe6 22.
Rfe1 g5 23. Bf1 Bg4 24. Qxg4 Qxg4 25. Nb5 Qd7 26. Bxa5 Rxc1 27. Rxc1 Rc8 28. Rb1
Rc4 29. e4 Ra4 30. Bd2 Bf4 31. Bb4 dxe4 32. g3 Nd5 33. Bc5 hxg3 34. hxg3 Qg4 35.
Bg2 Ne3 36. Rb3 Qd1+ 0-1

[Event "Saint Louis Blitz 2022"]
[Site "Saint Louis USA"]
[Date "2022.08.29"]
[Round "9.3"]
[White "Vachier-Lagrave, Maxime"]
[Black "Shankland, Sam"]
[Result "1/2-1/2"]
[WhiteTitle "GM"]
[BlackTitle "GM"]
[WhiteElo "2757"]
[BlackElo "2720"]
[WhiteFideId "623539"]
[BlackFideId "2004887"]
[EventDate "2022.08.29"]

1. e4 e5 2. Nf3 Nc6 3. Bb5 Nf6 4. O-O Nxe4 5. d4 Nd6 6. Bxc6 dxc6 7. dxe5 Nf5 8.
Qxd8+ Kxd8 9. Nc3 Bd7 10. h3 h6 11. b3 Kc8 12. Bb2 Be7 13. Rad1 Rd8 14. Ne2 g5
15. Rfe1 a5 16. a4 c5 17. c4 Bc6 18. Rxd8+ Kxd8 19. Rd1+ Ke8 20. Ne1 h5 21. f3
Rd8 22. Rxd8+ Kxd8 23. g4 hxg4 24. hxg4 Ng7 25. Kf2 Ne6 26. Nd3 b6 27. Ng3 Ke8
28. Nf5 Bd8 29. Bc1 Kf8 30. Be3 Kg8 31. Nc1 Kh7 32. Ne2 Kg6 33. Nc3 f6 34. Nd5
Kf7 35. Nh6+ Kg7 36. Nf5+ Kf7 37. Nxf6 Bxf6 38. exf6 Kxf6 39. Bd2 Ke5 40. Bc3+
Kf4 41. Bd2+ Ke5 42. Ne7 Be8 43. Bc3+ Nd4 44. Ke3 Kd6 45. Nf5+ Nxf5+ 46. gxf5
Bd7 47. f6 Be8 48. f4 gxf4+ 49. Kxf4 Ke6 50. Kg5 c6 51. Kh6 Kf7 52. Be5 b5 53.
Bc7 bxc4 54. bxc4 Kxf6 55. Bxa5 Bf7 56. Bb6 Bxc4 57. Bxc5 Ke6 58. a5 Kd5 59. Bb6
c5 60. Bxc5 Kxc5 61. a6 Bxa6 1/2-1/2

[Event "Saint Louis Blitz 2022"]
[Site "Saint Louis USA"]
[Date "2022.08.29"]
[Round "9.4"]
[White "Mamedyarov, Shakhriyar"]
[Black "Caruana, Fabiano"]
[Result "1/2-1/2"]
[WhiteTitle "GM"]
[BlackTitle "GM"]
[WhiteElo "2758"]
[BlackElo "2776"]
[WhiteFideId "13401319"]
[BlackFideId "2020009"]
[EventDate "2022.08.29"]

1. d4 Nf6 2. c4 e6 3. Nf3 d5 4. Nc3 Bb4 5. Bg5 h6 6. Bxf6 Qxf6 7. e3 c5 8. cxd5
exd5 9. Be2 cxd4 10. Nxd4 Nc6 11. a3 Bxc3+ 12. bxc3 O-O 13. O-O Rd8 14. a4 b6
15. Nxc6 Qxc6 16. Qd4 Be6 17. a5 Rac8 18. Rfc1 Qc5 19. axb6 axb6 20. h3 Rd6 21.
Ba6 Rc7 22. Bd3 Rdc6 23. Ra8+ Rc8 24. Rxc8+ Rxc8 25. Qxc5 bxc5 26. c4 Kf8 27.
cxd5 Bxd5 28. e4 Be6 29. Bc4 Ke7 30. f4 Bxc4 31. Rxc4 Kd6 32. Kf2 Ra8 33. Rc2
Ra3 34. Rd2+ Kc6 35. Rd8 Ra7 36. Ke3 g6 37. e5 Kb5 38. g4 Rc7 39. Kd3 c4+ 40.
Kc3 Kc5 41. h4 Ra7 42. Kb2 Ra4 43. Rf8 c3+ 44. Kxc3 Rxf4 45. e6 Kd6 46. Rxf7
Rxg4 47. e7 Kd7 48. h5 gxh5 49. Rf6 Kxe7 50. Rxh6 h4 51. Kd3 Kf7 52. Ke3 Kg7 53.
Rh5 Kg6 54. Rh8 Kg7 55. Rh5 Kg6 56. Rh8 Kg7 57. Rh5 1/2-1/2

[Event "Saint Louis Blitz 2022"]
[Site "Saint Louis USA"]
[Date "2022.08.30"]
[Round "10.2"]
[White "Xiong, Jeffery"]
[Black "Aronian, Levon"]
[Result "1/2-1/2"]
[WhiteTitle "GM"]
[BlackTitle "GM"]
[WhiteElo "2690"]
[BlackElo "2775"]
[WhiteFideId "2047640"]
[BlackFideId "13300474"]
[EventDate "2022.08.29"]

1. d4 d5 2. c4 dxc4 3. Nf3 Nf6 4. e3 e6 5. Bxc4 c5 6. O-O a6 7. a4 Nc6 8. Qe2
Qc7 9. Rd1 b6 10. Nc3 Bb7 11. d5 exd5 12. Bxd5 Bd6 13. e4 O-O 14. e5 Bxe5 15.
Bxc6 Bxh2+ 16. Nxh2 Bxc6 17. Bg5 Rfe8 18. Qd3 Ne4 19. Nxe4 Rxe4 20. a5 bxa5 21.
Bd8 Qb7 22. Bxa5 Qxb2 23. Bc3 Qb8 24. Rxa6 Rxa6 25. Qxa6 Re6 26. Qa5 Rd6 27.
Rxd6 Qxd6 28. Nf1 h6 29. Ne3 Be4 30. Qa4 Bg6 31. Qb5 Kh7 32. Qc4 f6 33. Bb2 Qd2
34. Qc1 Qxc1+ 35. Bxc1 Bd3 36. Bb2 h5 37. Kh2 Kg6 38. Kg3 Kg5 39. f4+ Kg6 40.
Kh4 Be4 41. Ba3 c4 42. Bb2 Bd3 43. g3 Be2 44. f5+ Kh6 45. Bc3 Kh7 46. Nd5 Bg4
47. Ne7 Kh6 48. Bb4 Kh7 49. Bd2 Kh8 50. Nd5 Bxf5 51. Kxh5 Kh7 52. Ne3 Be6 53.
Bc3 g6+ 54. Kh4 Kg7 55. g4 Kf7 56. Kg3 g5 57. Kf3 Kg6 58. Ke4 Bxg4 59. Nxg4 f5+
60. Kf3 fxg4+ 61. Kxg4 Kf7 62. Kxg5 Ke6 63. Kf4 Kd5 64. Kf5 Kc5 65. Ke5 Kb5 66.
Kd4 Ka4 67. Kxc4 1/2-1/2

[Event "Saint Louis Blitz 2022"]
[Site "Saint Louis USA"]
[Date "2022.08.30"]
[Round "10.4"]
[White "Dominguez Perez, Leinier"]
[Black "Shankland, Sam"]
[Result "1/2-1/2"]
[WhiteTitle "GM"]
[BlackTitle "GM"]
[WhiteElo "2754"]
[BlackElo "2720"]
[WhiteFideId "3503240"]
[BlackFideId "2004887"]
[EventDate "2022.08.29"]

1. e4 e5 2. Nf3 Nc6 3. Bc4 Bc5 4. O-O Nf6 5. d3 d6 6. c3 a6 7. a4 h6 8. Re1 Ba7
9. Nbd2 Be6 10. Bxe6 fxe6 11. b4 O-O 12. Nf1 Ne7 13. h3 Ng6 14. Ra2 Qe7 15. Be3
Bxe3 16. Rxe3 a5 17. b5 Nd7 18. g3 Rf7 19. N1d2 Raf8 20. Nc4 b6 21. d4 exd4 22.
cxd4 e5 23. dxe5 Ngxe5 24. Nfxe5 Nxe5 25. Nxe5 Qxe5 26. Rc2 g5 27. Qg4 Kh7 28.
Kg2 Qa1 29. e5 dxe5 30. Qe4+ Kg7 31. Qxe5+ Qxe5 32. Rxe5 Rd8 33. Re4 Rd6 34.
Rec4 Rdf6 35. h4 Kg6 36. hxg5 hxg5 37. Rc6 Rxc6 38. Rxc6+ Kf5 39. f3 g4 40.
fxg4+ Kxg4 41. Rc4+ Kg5 42. g4 Kh4 43. Kh2 Rd7 44. Kg2 Rf7 45. Kh2 Rd7 46. Kg2
Rf7 1/2-1/2

[Event "Saint Louis Blitz 2022"]
[Site "Saint Louis USA"]
[Date "2022.08.30"]
[Round "10.5"]
[White "Vachier-Lagrave, Maxime"]
[Black "Mamedyarov, Shakhriyar"]
[Result "1/2-1/2"]
[WhiteTitle "GM"]
[BlackTitle "GM"]
[WhiteElo "2757"]
[BlackElo "2758"]
[WhiteFideId "623539"]
[BlackFideId "13401319"]
[EventDate "2022.08.29"]

1. e4 e5 2. Nf3 Nc6 3. Bb5 a6 4. Ba4 Nf6 5. O-O Nxe4 6. d4 b5 7. Bb3 d5 8. dxe5
Be6 9. Be3 Be7 10. c3 Na5 11. Nd4 O-O 12. f3 Nc5 13. f4 Ncxb3 14. axb3 c5 15.
Nxe6 fxe6 16. g3 d4 17. cxd4 cxd4 18. Bf2 Bb4 19. Qf3 Rc8 20. Rd1 Qd5 21. Qxd5
exd5 22. Rxa5 Bxa5 23. Bxd4 Rc2 24. Nc3 Rxb2 25. Nxd5 Rd2 26. Rxd2 Bxd2 27. e6
Rd8 28. e7 Re8 29. Bc5 Kf7 30. Nc7 Rc8 31. e8=Q+ Rxe8 32. Nxe8 Kxe8 33. Kf2 a5
34. Ke2 Bc3 35. Kd3 Bf6 36. Bb6 a4 37. bxa4 bxa4 38. Kc4 Kd7 39. Kb4 Kc6 40. Ba7
Kd5 41. Kxa4 Ke4 42. Kb5 Kf3 43. Bb8 h5 44. Kc4 Kg2 45. Kd5 Kxh2 46. f5 Kh3 47.
Ke6 Kg4 48. Bc7 Bc3 49. Bb8 Bb2 50. Bc7 Bd4 51. Bb8 Bc3 52. Bc7 Bb2 53. Bb8 Bc3
54. Bc7 Bb2 55. Bb8 Bc3 56. Bc7 Bb2 1/2-1/2

[Event "Saint Louis Blitz 2022"]
[Site "Saint Louis USA"]
[Date "2022.08.30"]
[Round "11.2"]
[White "Vachier-Lagrave, Maxime"]
[Black "Caruana, Fabiano"]
[Result "0-1"]
[WhiteTitle "GM"]
[BlackTitle "GM"]
[WhiteElo "2757"]
[BlackElo "2776"]
[WhiteFideId "623539"]
[BlackFideId "2020009"]
[EventDate "2022.08.29"]

1. e4 e5 2. Nf3 Nf6 3. Nxe5 d6 4. Nf3 Nxe4 5. d3 Nf6 6. d4 d5 7. Bd3 Bd6 8. Qe2+
Be6 9. Ng5 Qe7 10. Nxe6 fxe6 11. c3 O-O 12. O-O c5 13. Nd2 Nc6 14. Nf3 Rae8 15.
Bd2 Qc7 16. g3 e5 17. dxe5 Nxe5 18. Nxe5 Rxe5 19. Qd1 Qd7 20. Bf4 Re7 21. Bxd6
Qxd6 22. Qd2 g6 23. Rad1 Kg7 24. Bc2 Rfe8 25. Rfe1 Re5 26. Kg2 b6 27. h3 Qc6 28.
Rxe5 Rxe5 29. Re1 d4+ 30. Kg1 Qe6 31. Rxe5 Qxe5 32. cxd4 cxd4 33. a3 Nd7 34. b4
Qd5 35. Qe2 Ne5 36. Qe4 Qxe4 37. Bxe4 Nc4 38. Bd3 Nb2 0-1

[Event "Saint Louis Blitz 2022"]
[Site "Saint Louis USA"]
[Date "2022.08.30"]
[Round "11.3"]
[White "Mamedyarov, Shakhriyar"]
[Black "Dominguez Perez, Leinier"]
[Result "1-0"]
[WhiteTitle "GM"]
[BlackTitle "GM"]
[WhiteElo "2758"]
[BlackElo "2754"]
[WhiteFideId "13401319"]
[BlackFideId "3503240"]
[EventDate "2022.08.29"]

1. d4 d5 2. c4 dxc4 3. e4 e5 4. Nf3 Bb4+ 5. Bd2 Bxd2+ 6. Nbxd2 exd4 7. Bxc4 Nc6
8. O-O Nge7 9. Ng5 Ne5 10. Bb3 N7c6 11. Qh5 Bg4 12. Bxf7+ Ke7 13. Qh4 h6 14.
Ne6+ g5 15. Nxd8 gxh4 16. Nxc6+ Nxc6 17. f3 Bd7 18. Bb3 Na5 19. Rac1 Rac8 20.
Rc5 b6 21. Re5+ Kf6 22. Rd5 Be6 23. Rxd4 Nxb3 24. Nxb3 c5 25. Rd2 Rhd8 26. Rfd1
Rxd2 27. Rxd2 a5 28. Kf2 a4 29. Nc1 b5 30. a3 b4 31. Ke3 bxa3 32. bxa3 Rb8 33.
Rc2 c4 34. Ne2 Rb3+ 35. Rc3 Rb2 36. h3 Bf7 37. f4 Bh5 38. g4 hxg3 39. Nxg3 Bf7
40. e5+ Ke6 41. Ke4 Rb3 42. f5+ Ke7 43. Kd4 1-0

[Event "Saint Louis Blitz 2022"]
[Site "Saint Louis USA"]
[Date "2022.08.30"]
[Round "11.5"]
[White "Shankland, Sam"]
[Black "Nepomniachtchi, Ian"]
[Result "0-1"]
[WhiteTitle "GM"]
[BlackTitle "GM"]
[WhiteElo "2720"]
[BlackElo "2792"]
[WhiteFideId "2004887"]
[BlackFideId "4168119"]
[EventDate "2022.08.29"]

1. d4 Nf6 2. c4 e6 3. Nf3 d5 4. g3 dxc4 5. Bg2 c5 6. O-O Nc6 7. Qa4 Bd7 8. Qxc4
b5 9. Qc3 b4 10. Qd3 cxd4 11. Nxd4 Rc8 12. Nxc6 Bxc6 13. Qxd8+ Kxd8 14. Rd1+ Kc7
15. Bxc6 Kxc6 16. Be3 Bc5 17. Bxc5 Kxc5 18. a3 Rhd8 19. Nd2 Kb5 20. Nf3 b3 21.
Kf1 Rxd1+ 22. Rxd1 Rc2 23. Rb1 Ka4 24. Ke1 Ne4 25. Nd4 Rc4 26. Rd1 e5 27. Nf5
Rc2 28. f3 Nc5 29. Rb1 Ne6 30. Ne3 Nd4 31. Nxc2 bxc2 32. Rc1 Kb3 0-1

[Event "Saint Louis Blitz 2022"]
[Site "Saint Louis USA"]
[Date "2022.08.30"]
[Round "12.1"]
[White "Nepomniachtchi, Ian"]
[Black "Mamedyarov, Shakhriyar"]
[Result "1/2-1/2"]
[WhiteTitle "GM"]
[BlackTitle "GM"]
[WhiteElo "2792"]
[BlackElo "2758"]
[WhiteFideId "4168119"]
[BlackFideId "13401319"]
[EventDate "2022.08.29"]

1. d4 d5 2. c4 c5 3. cxd5 Qxd5 4. Nf3 cxd4 5. Nc3 Qa5 6. Nxd4 Nf6 7. a3 g6 8. g3
Bg7 9. Bg2 O-O 10. Nb3 Qh5 11. h3 Nc6 12. Bf4 Rd8 13. Qc1 Na5 14. Nxa5 Qxa5 15.
b4 Qa6 16. O-O Be6 17. Be5 Rac8 18. Qb2 Ne8 19. Bxg7 Nxg7 20. Rac1 Nf5 21. Ne4
b6 22. e3 Nd6 23. Nxd6 Rxd6 24. h4 h5 25. Rxc8+ Qxc8 26. Rc1 Qd8 27. Qc2 a5 28.
Bf3 Rd3 29. bxa5 bxa5 30. Qc5 a4 31. Qb4 Qd6 32. Qxa4 Qxa3 33. Qe8+ Kg7 34. Rb1
Rb3 35. Rd1 Rd3 36. Rxd3 Qxd3 37. Qxe7 Qb1+ 38. Kg2 Bc4 39. Qe5+ Kh7 40. Kh2 Qc2
41. Kg2 Qb1 42. Kh2 Qc2 43. Kg2 Qb1 1/2-1/2

[Event "Saint Louis Blitz 2022"]
[Site "Saint Louis USA"]
[Date "2022.08.30"]
[Round "12.2"]
[White "Xiong, Jeffery"]
[Black "Shankland, Sam"]
[Result "1/2-1/2"]
[WhiteTitle "GM"]
[BlackTitle "GM"]
[WhiteElo "2690"]
[BlackElo "2720"]
[WhiteFideId "2047640"]
[BlackFideId "2004887"]
[EventDate "2022.08.29"]

1. e4 c5 2. Nf3 d6 3. Nc3 Nf6 4. d4 cxd4 5. Qxd4 Nc6 6. Qd3 Bd7 7. Nd5 e6 8.
Nxf6+ Qxf6 9. c3 Qg6 10. Bf4 e5 11. Bg3 Be7 12. Rd1 O-O 13. Be2 f5 14. exf5 Bxf5
15. Qb5 Be4 16. Nd2 Bxg2 17. Rg1 Bh3 18. Qxb7 Rfc8 19. Nf3 Rab8 20. Qa6 Qf7 21.
Rd2 Kh8 22. Bh4 Bxh4 23. Nxh4 Qf4 24. Nf3 Bg4 25. Rg3 e4 26. Ng5 Bxe2 27. Qxe2
Rxb2 28. Rxb2 Qc1+ 29. Qd1 Qxb2 30. Nf7+ Kg8 31. Nh6+ Kh8 32. Nf7+ Kg8 33. Nh6+
Kh8 34. Nf7+ Kg8 1/2-1/2

[Event "Saint Louis Blitz 2022"]
[Site "Saint Louis USA"]
[Date "2022.08.30"]
[Round "12.4"]
[White "Dominguez Perez, Leinier"]
[Black "Vachier-Lagrave, Maxime"]
[Result "0-1"]
[WhiteTitle "GM"]
[BlackTitle "GM"]
[WhiteElo "2754"]
[BlackElo "2757"]
[WhiteFideId "3503240"]
[BlackFideId "623539"]
[EventDate "2022.08.29"]

1. e4 c6 2. d4 d5 3. e5 Bf5 4. Nf3 e6 5. Be2 Ne7 6. O-O h6 7. Nbd2 Nd7 8. Nb3 g5
9. a4 Bg7 10. a5 Qc7 11. Bd2 Ng6 12. Ne1 c5 13. g4 Be4 14. f3 cxd4 15. fxe4 dxe4
16. Nxd4 Bxe5 17. Nb5 Qc5+ 18. Kh1 a6 19. Nc3 Qc6 20. Ng2 Rd8 21. Qe1 O-O 22.
Qf2 f5 23. gxf5 exf5 24. Ra4 Nc5 25. Rc4 Rxd2 26. Rxc5 Qd6 27. b4 Kh7 28. Qe1
Bxc3 29. Rxc3 f4 30. Bd3 e3 31. Rc4 f3 32. Rg1 0-1

[Event "Saint Louis Blitz 2022"]
[Site "Saint Louis USA"]
[Date "2022.08.30"]
[Round "12.5"]
[White "Caruana, Fabiano"]
[Black "Aronian, Levon"]
[Result "1/2-1/2"]
[WhiteTitle "GM"]
[BlackTitle "GM"]
[WhiteElo "2776"]
[BlackElo "2775"]
[WhiteFideId "2020009"]
[BlackFideId "13300474"]
[EventDate "2022.08.29"]

1. e4 e5 2. Nf3 Nc6 3. Bb5 Nf6 4. O-O Nxe4 5. Re1 Nd6 6. Nxe5 Be7 7. Bf1 Nxe5 8.
Rxe5 O-O 9. Nc3 Ne8 10. Nd5 Bd6 11. Re1 c6 12. Ne3 Be7 13. Nf5 Bf6 14. Qe2 Nc7
15. Nd6 Ne6 16. c3 Qc7 17. Nxc8 Raxc8 18. d4 d5 19. Qg4 Rce8 20. Bd2 g6 21. a4
a5 22. Bd3 h5 23. Qg3 Qxg3 24. hxg3 b6 25. Rab1 Kg7 26. b4 axb4 27. Rxb4 Bd8 28.
Be3 Bc7 29. Rc1 Ra8 30. Bc2 Ra5 31. c4 c5 32. dxc5 bxc5 33. Rbb1 dxc4 34. Bd1
Rd8 35. Rxc4 Be5 36. Bf3 Bd4 37. Bc1 Rd6 38. Kf1 Raa6 39. Rb3 Bf6 40. Rb7 Nd4
41. Bd1 Nc6 42. Be2 Na5 43. Rc7 Bd8 44. Rc8 Nxc4 45. Bxc4 Rac6 46. Rxc6 Rxc6 47.
Bd2 Rd6 48. Ke2 Kg8 49. a5 Rd4 50. Bb5 c4 51. a6 Bb6 52. Be3 Re4 53. Kf3 Rxe3+
54. fxe3 c3 55. Ke2 c2 56. Kd2 Bxe3+ 57. Kxc2 Kf8 58. Kd3 Bf2 59. Ke4 Ke7 60.
Kd5 Kd8 61. Kc6 Kc8 62. Bc4 Kb8 63. Bxf7 Bxg3 64. Bxg6 h4 65. Bf5 Ka7 66. Kb5
Bh2 67. Kc6 Bg3 68. Kb5 Bh2 69. Kc6 Bg3 1/2-1/2

[Event "Saint Louis Blitz 2022"]
[Site "Saint Louis USA"]
[Date "2022.08.30"]
[Round "13.3"]
[White "Vachier-Lagrave, Maxime"]
[Black "Nepomniachtchi, Ian"]
[Result "1/2-1/2"]
[WhiteTitle "GM"]
[BlackTitle "GM"]
[WhiteElo "2757"]
[BlackElo "2792"]
[WhiteFideId "623539"]
[BlackFideId "4168119"]
[EventDate "2022.08.29"]

1. e4 e5 2. Nf3 Nf6 3. Nxe5 d6 4. Nf3 Nxe4 5. d4 d5 6. Bd3 Bd6 7. O-O O-O 8. c4
c6 9. Nc3 Nxc3 10. bxc3 dxc4 11. Bxc4 Bf5 12. Ng5 h6 13. Qf3 Bg6 14. Ne4 Bxh2+
15. Kxh2 Qh4+ 16. Qh3 Qxh3+ 17. gxh3 Bxe4 18. Rg1 Re8 19. Bxh6 g6 20. Rge1 Nd7
21. Bf1 Bd5 22. c4 Rxe1 23. Rxe1 Be6 24. Rb1 b6 25. Re1 Rc8 26. a4 Nf6 27. Bg5
Ne8 28. Rc1 Nd6 29. h4 Rc7 30. Bf4 Rd7 31. d5 cxd5 32. cxd5 Bf5 33. Be5 Kf8 34.
f3 Ke7 35. Re1 f6 36. Bc3+ Kf7 37. Bb4 Kg7 38. Ba6 Bc2 39. Bxd6 Rxd6 40. Re7+
Kf8 41. Rxa7 Bxa4 42. Bc4 Be8 43. Rb7 g5 44. hxg5 fxg5 45. Kg3 Bd7 46. f4 g4 47.
Be2 Rxd5 48. Rxb6 Ra5 49. Bxg4 Bxg4 50. Kxg4 Kf7 51. Rb7+ Kf6 52. Rb6+ Kf7 53.
Rb7+ Kf6 54. Rb6+ Kf7 55. Rb7+ 1/2-1/2

[Event "Saint Louis Blitz 2022"]
[Site "Saint Louis USA"]
[Date "2022.08.30"]
[Round "13.4"]
[White "Mamedyarov, Shakhriyar"]
[Black "Xiong, Jeffery"]
[Result "0-1"]
[WhiteTitle "GM"]
[BlackTitle "GM"]
[WhiteElo "2758"]
[BlackElo "2690"]
[WhiteFideId "13401319"]
[BlackFideId "2047640"]
[EventDate "2022.08.29"]

1. d4 d5 2. c4 e6 3. Nf3 dxc4 4. Qa4+ Bd7 5. Qxc4 Bc6 6. Nc3 Bxf3 7. gxf3 c6 8.
e4 Nd7 9. Be3 Ngf6 10. O-O-O Be7 11. Kb1 O-O 12. h4 Qa5 13. Qb3 Nb6 14. h5 Rfd8
15. Rg1 Qxh5 16. Be2 Qa5 17. a3 c5 18. f4 Rac8 19. f5 exf5 20. dxc5 Rxd1+ 21.
Rxd1 Bxc5 22. Bd2 Nbd7 23. e5 Nxe5 24. Nd5 Qd8 25. Bg5 Bd6 26. Nxf6+ gxf6 27.
Qg3 fxg5 0-1